000 00568nam a2200109Ia 4500
008 220616s9999||||xx |||||||||||||| ||und||
245 0 _aMultilingual Learning and Language Supportive Pedagogies in Sub-Saharan Africa
546 _aEnglish[eng]
650 _aeducational attainment, Global South, language teacher education, linguistic culture, mother-tongue based education, Multilingual Africa, multilingual learning, multilingualism, Sub-Saharan Africa, translanguaging
700 _aErling, Elizabeth J.||Clegg, John||Rubagumya, Casmir M.||Reilly, Colin
942 _cEB
999 _c20607
_d20607